Thomas Hardy / (رقم التسجيلة. 14318)
[ عرض عادي ]
| 000 -الفاتح | |
|---|---|
| حقل البيانات ثابتة الطول | 02318cam a2200397 a 4500 |
| 001 - رقم الضبط | |
| رقم الضبط | 15957659 |
| 003 - محدد رقم الضبط | |
| رقم الضبط | OSt |
| 005 - وقت وتاريخ اخر تعامل مع التسجيلة | |
| رقم الضبط | 20150408113918.0 |
| 008 - عناصر البيانات ثابتة الطول - معلومات عامة | |
| حقل البيانات ثابتة الطول | 091023s2009 enk b 001 0 eng |
| 010 ## - رقم ضبط مكتبة الكونجرس | |
| رقم ضبط مكتبة الكونجرس | 2009044397 |
| 015 ## - رقم الببليوجرافية الوطنية | |
| رقم الببليوجرافية الوطنية | GBA947222 |
| المصدر | bnb |
| 016 7# - رقم ضبط الوكاله الوطنية للضبط الببليوجرافي | |
| رقم ضبط التسجيلة | 015180995 |
| المصدر | Uk |
| 020 ## - الرقم الدولى المعيارى للكتب | |
| الرقم الدولى المعيارى للكتاب | 9780333922507 (pbk.) |
| 020 ## - الرقم الدولى المعيارى للكتب | |
| الرقم الدولى المعيارى للكتاب | 0333922506 (pbk.) |
| 020 ## - الرقم الدولى المعيارى للكتب | |
| الرقم الدولى المعيارى للكتاب | 9780333922491 (hbk.) |
| 020 ## - الرقم الدولى المعيارى للكتب | |
| الرقم الدولى المعيارى للكتاب | 0333922492 (hbk.) |
| 035 ## - رقم ضبط النظام | |
| رقم ضبط النظام | (OCoLC)ocn298778213 |
| 040 ## - مصدر الفهرسة | |
| وكالة الفهرسة الأصلية | DLC |
| وكالة النسخ | DLC |
| وكالة التعديل | YDX |
| -- | BTCTA |
| -- | YDXCP |
| -- | UKM |
| -- | BWK |
| -- | SUC |
| -- | VP@ |
| -- | CDX |
| -- | DEBBG |
| -- | DLC |
| 050 00 - رقم طلب مكتبة الكونجرس | |
| رقم التصنيف | PR4754 |
| رقم المادة | .W65 2009 |
| 082 00 - رقم تصنيف ديوى العشرى | |
| رقم التصنيف | 823.8 |
| رقم الطبعة | 22 |
| رقم المادة | WJT |
| 084 ## - رقم تصنيف آخر | |
| رقم التصنيف | HL 2985 |
| مصدر الرقم | rvk |
| 100 1# - المدخل الرئيسى - إسم شخصى | |
| الإسم الشخصى | Wolfreys, Julian, |
| التواريخ المصاحبة للاسم | 1958- |
| 9 (RLIN) | 4191 |
| 245 10 - بيان العنوان | |
| العنوان | Thomas Hardy / |
| بيان المسئوليه,etc | Julian Wolfreys. |
| 260 ## - PUBLICATION, DISTRIBUTION, ETC. (IMPRINT) | |
| مكان الناشر او الموزع | Basingstoke, Hampshire ; |
| -- | New York : |
| اسم الناشر او الموزع | Palgrave Macmillan, |
| تاريخ النشر أو التوزيع | 2009. |
| 300 ## - الوصف المادى | |
| التعداد | xi, 254 p. ; |
| أبعاد الوعاء | 22 cm. |
| 490 1# - بيان السلسلة | |
| عنوان السلسلة | Critical issues |
| 504 ## - تبصرة ببليوجرافية | |
| تبصرة ببليوجرافية,الخ | Includes bibliographical references and index. |
| 505 0# - تبصرة محتويات-الفهرس | |
| تبصرة المحتويات المصاغة | Introduction: Dwelling on Hardy -- Apprehension, suspension, abstention: Desperate remedies (1871) -- Distortions and transformations: Under the greenwood tree (1872), A pair of blue eyes (1873) -- Being and dwelling: Far from the madding crowd (1874),The return of the native (1878), Two on a tower (1882) -- Uncommon events: The trumpet major (1880), A laodicean (1881), The mayor of Casterbridge (1886) -- Confessions of the other: The woodlanders (1887), Tess of the D'Urbervilles (1891), Jude the obscure (1895) -- Afterword. |
| 520 ## - التبصرة الخاصة بالتعليق أو التلخيص | |
| ملخص,الخ | "No other major author of the nineteenth century has arguably produced as much critical activity as Thomas Hardy. This timely addition to the Critical Issues series explores the various philosophical views of critics, with close textual analysis of Hardy's novels and with reference to his poetry"--Provided by publisher. |
| 600 10 - المدخل الاضافى بالموضوع-اسم شخصى | |
| الإسم الشخصى | Hardy, Thomas, |
| التواريخ المصاحبة للاسم | 1840-1928 |
| التقسيم الفرعي العام | Criticism and interpretation. |
| 9 (RLIN) | 4203 |
| 830 #0 - المدخل الاضافى بالسلسلة -عنوان موحد | |
| عنوان موحد | Critical issues (Palgrave Macmillan (Firm)) |
| 9 (RLIN) | 4204 |
| 856 ## - الوصول و الموقع الالكترونى | |
| معرف المصدر الموحد | <a href="http://bvbm2.bib-bvb.de:8993/F?func=service&doc_library=BVB01&doc_number=017714492&line_number=0001&func_code=DB_RECORDS&service_type=MEDIA">http://bvbm2.bib-bvb.de:8993/F?func=service&doc_library=BVB01&doc_number=017714492&line_number=0001&func_code=DB_RECORDS&service_type=MEDIA</a> |
| تبصرة عامة | Inhaltsverzeichnis |
| 906 ## - عنصر بيانات محلى F, LDF (RLIN) | |
| a | 7 |
| b | cbc |
| c | orignew |
| d | 1 |
| e | ecip |
| f | 20 |
| g | y-gencatlg |
| 942 ## - عناصر المدخل الإضافي( كوها) | |
| مصدر التصنيف او مخطط الترفيف | Dewey Decimal Classification |
| Koha [default] item type | DVD |
| حالة الفقد | نموذج السعر الفعال | حالة تلف | ليس للاعارة | رقم الطلب | تاريخ الاكتساب | الموقع الحالي | الباركود | الفرع الرئيسي | Date last seen | نوع المادة فى نظام كوها | مصدر التصنيف او خطة الترفيف | Total Checkouts |
|---|---|---|---|---|---|---|---|---|---|---|---|---|
| 2013-03-10 | 823.8 WJT | 2011-09-10 | قسم الاجراءات الفنية (IC) | 00101639 | قسم الاجراءات الفنية (IC) | 2013-03-10 | كتاب | Dewey Decimal Classification | ||||
| 2013-03-10 | 823.8 WJT | 2011-09-10 | قسم الاجراءات الفنية (IC) | 00101640 | قسم الاجراءات الفنية (IC) | 2013-03-10 | كتاب | Dewey Decimal Classification | ||||
| 2013-03-10 | 823.8 WJT | 2011-09-11 | قسم الاجراءات الفنية (IC) | 00101552 | قسم الاجراءات الفنية (IC) | 2013-03-10 | كتاب | Dewey Decimal Classification | ||||
| 2013-03-10 | 823.8 WJT | 2011-09-11 | قسم الاجراءات الفنية (IC) | 00101553 | قسم الاجراءات الفنية (IC) | 2013-03-10 | كتاب | Dewey Decimal Classification | ||||
| 2013-03-10 | 823.8 WJT | 2011-12-25 | مكتبة كلية التربية بالزلفى - طالبات (EZF) | 00013207 | مكتبة كلية التربية بالزلفى - طالبات (EZF) | 2013-03-10 | كتاب | Dewey Decimal Classification |
